[Event "CZE-chT2B 1819"]
[Site "Czech Republic"]
[Date "2018.10.14"]
[Round "1.6"]
[White "Mestl, Martin"]
[Black "Prochazka, Dalibor"]
[Result "1/2-1/2"]
[WhiteElo "1942"]
[BlackElo "2159"]
[PlyCount "84"]
[EventDate "2018.10.14"]
[EventType "team-tourn"]
[EventRounds "11"]
[EventCountry "CZE"]
[SourceTitle "EXT 2022"]
[Source "ChessBase"]
[SourceDate "2021.10.06"]
[SourceVersion "1"]
[SourceVersionDate "2021.10.06"]
[SourceQuality "1"]
[WhiteTeam "Karlovy Vary Tietz II"]
[BlackTeam "Karlovy Vary Tietz"]
[WhiteTeamCountry "CZE"]
[BlackTeamCountry "CZE"]

1. d4 d5 2. c4 e5 3. Nc3 dxc4 4. d5 Nf6 5. e4 b5 6. Bg5 a6 7. a4 b4 8. Nb1 h6 9. Bxf6 Qxf6 10. Bxc4 Bc5 11. Qf3 Qg6 12. Nd2 Nd7 13. Qg3 Qxg3 14. hxg3 Nb6 15. Ngf3 Bd6 16. a5 Nxc4 17. Nxc4 f6 18. Nxd6+ cxd6 19. Nd2 Ke7 20. Nc4 f5 21. Nb6 Ra7 22. Rc1 Bd7 23. exf5 Bxf5 24. Kd2 Rb7 25. b3 Bd7 26. Rh4 Bb5 27. Rxb4 Rhb8 28. Re4 Rxb6 29. axb6 Rxb6 30. Rc7+ Kf6 31. Rb4 a5 32. Re4 Bf1 33. f4 Bxg2 34. fxe5+ dxe5 35. Re3 Bxd5 36. Rc5 Bxb3 37. Rxa5 Be6 38. Raxe5 Bf5 39. Rc5 Rb2+ 40. Kc3 Rc2+ 41. Kd4 Rd2+ 42. Kc3 Rc2+ 1/2-1/2

[Event "Orlova op 9th"]
[Site "Orlova"]
[Date "2012.05.22"]
[Round "2.16"]
[White "Baier, Pavel"]
[Black "Mestl, Martin"]
[Result "0-1"]
[WhiteElo "2120"]
[BlackElo "1844"]
[PlyCount "96"]
[EventDate "2012.05.21"]
[EventType "swiss"]
[EventRounds "7"]
[EventCountry "CZE"]
[SourceTitle "CBM 148 Extra"]
[Source "ChessBase"]
[SourceDate "2012.06.22"]
[SourceVersion "1"]
[SourceVersionDate "2012.06.22"]
[SourceQuality "1"]

1. b3 d5 2. e3 Nf6 3. Bb2 e6 4. f4 Nbd7 5. Nf3 Bd6 6. d3 0-0 7. Nbd2 Qe7 8. Ne5 Ba3 9. Bxa3 Qxa3 10. d4 Nxe5 11. fxe5 Nd7 12. Bd3 f5 13. exf6 Rxf6 14. Qh5 g6 15. Qg5 Qe7 16. Nf3 Rf7 17. Qg3 Qd6 18. Ne5 Nxe5 19. dxe5 Qe7 20. 0-0-0 Bd7 21. h4 Rg7 22. Rdf1 Rf8 23. Rxf8+ Kxf8 24. Qf4+ Kg8 25. Qh6 Be8 26. g4 c6 27. Kb2 Qc7 28. Qg5 Qe7 29. Qf4 Rf7 30. Qg3 Qf8 31. h5 g5 32. Qe1 h6 33. c3 Rf2+ 34. Kb1 Qf3 35. Rf1 Rxf1 36. Qxf1 Qxg4 37. Qf6 Qd1+ 38. Kb2 Qxd3 39. Qxe6+ Bf7 40. Qc8+ Kg7 41. e6 Qe2+ 42. Ka3 Qg4 43. Qxb7 Qxe6 44. Qxa7 g4 45. Qd4+ Kh7 46. Kb2 Qe4 47. Qf6 Qf3 48. Qd4 g3 0-1